| 000 | 01367nam a2200265Ia 4500 | ||
|---|---|---|---|
| 001 | 18032 | ||
| 003 | GE_BSU | ||
| 008 | 181216s||||||||xx |||||||||||||| ||und|| | ||
| 020 | _aISBN 978-9941-455-71-1 | ||
| 040 | _cGE_BSU | ||
| 080 | _a631.563.2 + 664.844 | ||
| 100 | _aმიქაბერიძე, მალხაზი, ქეთევან კინწურაშვილი | ||
| 245 | _aხილ-ბოსტნეულის შრობის ტექნოლოგია და ტექნოლოგიური მოწყობილობა | ||
| 245 | _b[სახელმძღვ.] | ||
| 245 | _cრედ. მაყვალა ფრუიძე | ||
| 250 | _aსაქ. განათლებისა და მეცნ. სამინ., აკაკი წერეთლის სახელმწ. უნ-ტი. | ||
| 260 | _aქუთაისი | ||
| 260 | _bაკაკი წერეთლის სახელმწ. უნ-ტის გამ-ბა | ||
| 260 | _c2014 | ||
| 300 | _a300 გვ; ნახ; 20 სმ. | ||
| 300 | _bდანართი: გვ. 247-289. - ბიბლიოგრ.: გვ. 290-294. | ||
| 653 | _aსოფლის მეურნეობა | ||
| 653 | _aხილ-ბოსტნეულის შრობის ტექნოლოგია; | ||
| 942 | _cBK | ||
| 999 |
_c51075 _d51075 |
||